000 01019nam1a22002171i 4500
001 rc\308028
005 20240726110404.0
035 _a(NLR Aleph) 008783639
090 _a7997772
_c7997772
100 _a20030307g19909999u |0rusy50 ca
101 0 _arus
102 _aRU
105 _ay |||||||||
200 1 _aОрганизация территориального самоуправления и самофинансирования: опыт и проблемы
_eТез. докл. респ. науч.-практ. конф., 17-18 окт.
210 _aДонецк
_cИн-т экономики пром-сти
_d1990-
215 _d21
300 _aВ надзаг.: Госплан УССР, М-во высш. и сред. спец. образования УССР, АН УССР, Науч. совет по совершенствованию планир. и управления обществ. пр-вом и др.
801 0 _aRU
_bNLR
_gpsbo
801 1 _aRU
_bELAR
_2rusmarc
852 _aNLR
_j90-3/9922
942 _cBOOK